NIRVANA LYRICS - ABOUT A GIRL - Statistics

General Stats
  • This quiz has been taken 283 times
  • The average score is 124 of 150
Answer Stats
Hint Answer % Correct
a
99%
Verse 1: | Verse 3: I
99%
i
99%
do
97%
an
95%
free
94%
friend
92%
need
92%
you
92%
easy
91%
to
90%
me
84%
see
83%
with
82%
every
80%
have
80%
night
79%
but
78%
can't
78%
take
77%
out
76%
dry
75%
shoe
75%
think
75%
clue
74%
ear
74%
fit
74%
advantage
73%
hang
73%
lend
73%
this
71%
while
69%
Chorus: I'll
64%
the
64%
Verse 2: I'm
54%
in
54%
date
51%
time
51%
your
51%
standing
49%
hope
46%
keep
46%
line
46%
number
43%
too
40%
no
37%
pick
31%
No matching quizzes found
Score Distribution
Percent of People with Each Score
Percentile by Number Answered
Your Score History
You have not taken this quiz